रेखा ओ रेखा (Record no. 338302)

MARC details
000 -LEADER
fixed length control field 00599nam a2200181Ia 4500
008 - FIXED-LENGTH DATA ELEMENTS--GENERAL INFORMATION
fixed length control field 090711s9999 xx 000 0 und d
082 ## - DEWEY DECIMAL CLASSIFICATION NUMBER
Item number 1300
100 ## - MAIN ENTRY--PERSONAL NAME
Personal name दीप मोहन
245 ## - TITLE STATEMENT
Title रेखा ओ रेखा
260 ## - PUBLICATION, DISTRIBUTION, ETC. (IMPRINT)
Name of publisher, distributor, etc शिवानी पब्लिकेशन्स
Date of publication, distribution, etc 2000
300 ## - PHYSICAL DESCRIPTION
Extent 224
600 ## - SUBJECT ADDED ENTRY--PERSONAL NAME
Personal name दीप मोहन
630 ## - SUBJECT ADDED ENTRY--UNIFORM TITLE
Uniform title रेखा ओ रेखा
700 ## - ADDED ENTRY--PERSONAL NAME
Personal name दीप मोहन
700 ## - ADDED ENTRY--PERSONAL NAME
Personal name घाटपांडे महेश / ठाकूर योगेंद्र
730 ## - ADDED ENTRY--UNIFORM TITLE
Uniform title रेखा ओ रेखा
942 ## - ADDED ENTRY ELEMENTS (KOHA)
Koha item type Book

No items available.